[Event "Hamburg-ch MA"]
[Site "Hamburg"]
[Date "2018.05.26"]
[Round "8"]
[White "Jantzen, Hans Joerg"]
[Black "Lindinger, Markus"]
[Result "1/2-1/2"]
[WhiteElo "2137"]
[BlackElo "2249"]
[PlyCount "115"]
[EventDate "2018.05.01"]
[EventType "swiss"]
[EventRounds "9"]
[EventCountry "GER"]
[SourceTitle "EXT 2020"]
[Source "ChessBase"]
[SourceDate "2019.10.17"]
[SourceVersion "1"]
[SourceVersionDate "2019.10.17"]
[SourceQuality "1"]

1. d4 Nf6 2. Bf4 c5 3. dxc5 Na6 4. c3 Nxc5 5. Nd2 g6 6. Nb3 b6 7. f3 Bg7 8. Qd2 0-0 9. Bh6 Bxh6 10. Qxh6 d5 11. h4 Qc7 12. 0-0-0 e5 13. Nxc5 bxc5 14. h5 Be6 15. Qg5 Ne8 16. Qh6 gxh5 17. Qxh5 f6 18. e3 c4 19. Ne2 Rf7 20. f4 Rg7 21. fxe5 fxe5 22. Qh6 Rg6 23. Qh2 Nf6 24. Nd4 Bc8 25. Nc2 Bf5 26. Be2 Rb8 27. Nb4 Rxb4 28. cxb4 c3 29. Bd3 Ne4 30. b3 Rg7 31. Kc2 Bg6 32. g4 Re7 33. Rhf1 a5 34. Qh6 Rg7 35. a4 Qd6 36. Rf3 Ng5 37. Bxg6 Rxg6 38. Qh1 Nxf3 39. Qxf3 e4 40. Qf2 Rf6 41. Qh4 axb4 42. Qh5 Rh6 43. Qxd5+ Qxd5 44. Rxd5 Rh2+ 45. Kc1 Rb2 46. Rd4 Rxb3 47. Rxe4 Rb2 48. Rc4 Kf7 49. a5 Ke6 50. a6 Kd5 51. a7 Ra2 52. Rxb4 Rxa7 53. Kc2 Re7 54. Kd3 Rc7 55. Rb5+ Ke6 56. Kc2 Rc4 57. g5 Re4 58. Rb7 1/2-1/2

[Event "Hamburg-ch MA"]
[Site "Hamburg"]
[Date "2018.05.25"]
[Round "7"]
[White "Keyser, Philipp"]
[Black "Lindinger, Markus"]
[Result "0-1"]
[WhiteElo "2005"]
[BlackElo "2249"]
[PlyCount "38"]
[EventDate "2018.05.01"]
[EventType "swiss"]
[EventRounds "9"]
[EventCountry "GER"]
[SourceTitle "EXT 2020"]
[Source "ChessBase"]
[SourceDate "2019.10.17"]
[SourceVersion "1"]
[SourceVersionDate "2019.10.17"]
[SourceQuality "1"]

1. e4 c5 2. Nf3 d6 3. c3 Nf6 4. h3 g6 5. Bd3 Bg7 6. Bc2 e5 7. 0-0 0-0 8. d4 exd4 9. cxd4 Nc6 10. Be3 cxd4 11. Nxd4 Nxd4 12. Bxd4 Be6 13. Nc3 d5 14. e5 Nd7 15. f4 f6 16. Qe2 fxe5 17. fxe5 Qh4 18. Rxf8+ Rxf8 19. Qe3 Bh6 0-1

[Event "GER CupT 1718 Round2 (2)"]
[Site "Weyhe Kirchweyhe"]
[Date "2018.03.03"]
[Round "1"]
[White "Lindinger, Markus"]
[Black "Lagunow, Alexander"]
[Result "1/2-1/2"]
[WhiteElo "2239"]
[BlackElo "2404"]
[PlyCount "45"]
[EventDate "2018.03.03"]
[EventType "team-k.o."]
[EventRounds "2"]
[EventCountry "GER"]
[SourceTitle "CBM 183 Extra"]
[Source "ChessBase"]
[SourceDate "2018.04.19"]
[SourceVersion "1"]
[SourceVersionDate "2018.04.19"]
[SourceQuality "1"]
[WhiteTeam "Hamburger SK"]
[BlackTeam "Zehlendorf"]
[WhiteTeamCountry "GER"]
[BlackTeamCountry "GER"]

1. d4 Nf6 2. Nf3 g6 3. c4 Bg7 4. Nc3 d5 5. Bf4 0-0 6. e3 c5 7. dxc5 Qa5 8. Rc1 dxc4 9. Bxc4 Qxc5 10. Bb3 Nc6 11. 0-0 Qa5 12. h3 Bf5 13. Qe2 Ne4 14. Nd5 e5 15. Rxc6 bxc6 16. Ne7+ Kh8 17. Nxc6 Qb6 18. Ncxe5 Be6 19. Nd4 Bxb3 20. axb3 Qb7 21. Rc1 Rac8 22. Rc4 g5 23. Bh2 1/2-1/2

[Event "Oberliga Nord N 1617"]
[Site "Germany"]
[Date "2017.02.05"]
[Round "5.3"]
[White "Zimmermann, Julian"]
[Black "Lindinger, Markus"]
[Result "1/2-1/2"]
[WhiteElo "2292"]
[BlackElo "2271"]
[PlyCount "33"]
[EventDate "2016.10.16"]
[EventType "team-tourn"]
[EventRounds "9"]
[EventCountry "GER"]
[SourceTitle "EXT 2018"]
[Source "ChessBase"]
[SourceDate "2017.10.13"]
[SourceVersion "1"]
[SourceVersionDate "2017.10.13"]
[SourceQuality "1"]
[WhiteTeam "Hamburg Koenigsspringer"]
[BlackTeam "Hamburger SK"]
[WhiteTeamCountry "GER"]
[BlackTeamCountry "GER"]

1. e4 d6 2. g3 g6 3. Bg2 Bg7 4. d4 Nf6 5. Ne2 0-0 6. 0-0 e5 7. c3 Re8 8. Nd2 Nc6 9. d5 Ne7 10. c4 Nd7 11. b4 a5 12. bxa5 Rxa5 13. Nb3 Ra6 14. Be3 b6 15. a4 Nc5 16. Nxc5 bxc5 17. f3 1/2-1/2

[Event "Oberliga Nord N 1617"]
[Site "Germany"]
[Date "2016.12.04"]
[Round "3.3"]
[White "Riess, Alexander"]
[Black "Lindinger, Markus"]
[Result "0-1"]
[WhiteElo "2173"]
[BlackElo "2271"]
[PlyCount "140"]
[EventDate "2016.10.16"]
[EventType "team-tourn"]
[EventRounds "9"]
[EventCountry "GER"]
[SourceTitle "EXT 2018"]
[Source "ChessBase"]
[SourceDate "2017.10.13"]
[SourceVersion "1"]
[SourceVersionDate "2017.10.13"]
[SourceQuality "1"]
[WhiteTeam "Luebeck"]
[BlackTeam "Hamburger SK"]
[WhiteTeamCountry "GER"]
[BlackTeamCountry "GER"]

1. d4 d5 2. c4 dxc4 3. Nf3 Nf6 4. e3 e6 5. Bxc4 c5 6. Qe2 cxd4 7. exd4 Nc6 8. 0-0 Be7 9. Rd1 0-0 10. a3 Nd5 11. Qe4 Bf6 12. Bd3 g6 13. Bh6 Bg7 14. Bxg7 Kxg7 15. Nc3 Nce7 16. Qe5+ f6 17. Qe1 Bd7 18. Ne4 b6 19. Ba6 Nc7 20. Bc4 Bc6 21. Rac1 Qd7 22. h4 h5 23. Ba2 Rac8 24. Rc3 Ncd5 25. Rc2 Bb7 26. Rcd2 Nf5 27. Bb1 Nf4 28. g3 Nd5 29. Qe2 Nde7 30. Re1 Qd5 31. Qd1 Rfe8 32. b4 Qd7 33. Bd3 Bd5 34. Ba6 Rc7 35. Rde2 Qc6 36. Bd3 Qb7 37. Qd2 Bc6 38. b5 Bd5 39. Qf4 Ng8 40. Kh2 Rf8 41. Ned2 Ngh6 42. Ne4 Nxd4 43. Nxd4 e5 44. Qd2 Ng4+ 45. Kg1 exd4 46. Nd6 Qb8 47. Re8 Rxe8 48. Rxe8 Rc1+ 49. Qxc1 Qxd6 50. Rc8 Bf7 51. Bc4 d3 52. Qf4 Ne5 53. Bxf7 Kxf7 54. Rc6 Qd8 55. Rc1 Qd5 56. f3 Nxf3+ 57. Kf2 Ne5 58. a4 Qa2+ 59. Kg1 Qe2 60. Rf1 f5 61. Rf2 Qe1+ 62. Kg2 Ke6 63. Qg5 Qe4+ 64. Kg1 Nf3+ 65. Rxf3 Qxf3 66. Qxg6+ Ke5 67. Qg7+ Ke4 68. Qe7+ Kd4 69. Qd6+ Ke3 70. Qh6+ Ke2 0-1

[Event "Oberliga Nord N 1516"]
[Site "Germany"]
[Date "2016.01.31"]
[Round "6.2"]
[White "Lindinger, Markus"]
[Black "Knuth, Hannes"]
[Result "1/2-1/2"]
[WhiteElo "2294"]
[BlackElo "2311"]
[PlyCount "110"]
[EventDate "2015.09.20"]
[EventType "team-tourn"]
[EventRounds "9"]
[EventCountry "GER"]
[SourceTitle "EXT 2017"]
[Source "ChessBase"]
[SourceDate "2016.10.25"]
[SourceVersion "1"]
[SourceVersionDate "2016.10.25"]
[SourceQuality "1"]
[WhiteTeam "Hamburger SK III"]
[BlackTeam "Schwerin"]
[WhiteTeamCountry "GER"]
[BlackTeamCountry "GER"]

1. Nf3 g6 2. e4 Bg7 3. d4 c6 4. c4 d6 5. h3 a6 6. Bd3 Nf6 7. 0-0 0-0 8. Re1 b5 9. e5 dxe5 10. dxe5 Ne8 11. cxb5 axb5 12. Qe2 Nc7 13. Nc3 Be6 14. Ng5 b4 15. Nxe6 Nxe6 16. Nb1 Nd4 17. Qd1 Nd7 18. f4 Nc5 19. Bc4 Nf5 20. Qxd8 Rfxd8 21. Bd2 Rd4 22. b3 Rxc4 23. bxc4 f6 24. Bxb4 Nd3 25. Bc3 Nxe1 26. Bxe1 fxe5 27. fxe5 Nd4 28. Nc3 Bxe5 29. Rb1 Nc2 30. Bd2 Na3 31. Rb4 Bd4+ 32. Kf1 c5 33. Ra4 Rxa4 34. Nxa4 Nxc4 35. Ke2 Kf7 36. Be3 Ke6 37. Bxd4 cxd4 38. Nc5+ Kd5 39. Nb3 Na3 40. Nd2 e5 41. Kd3 Nb5 42. Ne4 h5 43. g4 hxg4 44. hxg4 Nd6 45. Nf6+ Kc6 46. a4 Nb7 47. Kc4 Nc5 48. a5 Nb7 49. a6 Nd6+ 50. Kd3 Nb5 51. Kc4 Na7 52. Nd5 Nc8 53. Nf6 Na7 54. Nd5 Kd6 55. Nf6 Kc6 1/2-1/2

[Event "Oberliga Nord N 1516"]
[Site "Germany"]
[Date "2016.01.17"]
[Round "5.3"]
[White "Lindinger, Markus"]
[Black "Kololli, Martin"]
[Result "1-0"]
[WhiteElo "2288"]
[BlackElo "2128"]
[PlyCount "77"]
[EventDate "2015.09.20"]
[EventType "team-tourn"]
[EventRounds "9"]
[EventCountry "GER"]
[SourceTitle "CBM 170 Extra"]
[Source "ChessBase"]
[SourceDate "2016.02.25"]
[SourceVersion "1"]
[SourceVersionDate "2016.02.25"]
[SourceQuality "1"]
[WhiteTeam "Hamburger SK III"]
[BlackTeam "Luebeck"]
[WhiteTeamCountry "GER"]
[BlackTeamCountry "GER"]

1. Nf3 Nf6 2. c4 e6 3. g3 d5 4. Bg2 Be7 5. 0-0 0-0 6. b3 b6 7. Bb2 Bb7 8. e3 c5 9. Qe2 Nbd7 10. Rd1 Qc7 11. Nc3 Rac8 12. Rac1 Rfd8 13. cxd5 Nxd5 14. Nxd5 Bxd5 15. e4 Bb7 16. d4 Nf6 17. Ne5 Qb8 18. d5 exd5 19. exd5 Nxd5 20. Nxf7 Kxf7 21. Qh5+ Kg8 22. Bxd5+ Bxd5 23. Rxd5 Rc6 24. Re1 g6 25. Qf3 Rf8 26. Qe4 Bf6 27. Rd7 Rd6 28. Qc4+ Kh8 29. Bxf6+ Rfxf6 30. Rde7 Rf8 31. Qh4 h5 32. Qg5 Kg8 33. Qh6 Rf7 34. Rxf7 Kxf7 35. Qh7+ Kf6 36. Qe7+ Kf5 37. Qe5+ Kg4 38. Qf4+ Kh3 39. Qh4# 1-0

[Event "Oberliga Nord N 1415"]
[Site "Germany"]
[Date "2015.03.15"]
[Round "8.1"]
[White "Sawatzki, Frank"]
[Black "Lindinger, Markus"]
[Result "1/2-1/2"]
[WhiteElo "2330"]
[BlackElo "2304"]
[PlyCount "102"]
[EventDate "2014.09.21"]
[EventType "team-tourn"]
[EventRounds "9"]
[EventCountry "GER"]
[SourceTitle "EXT 2016"]
[Source "ChessBase"]
[SourceDate "2015.10.08"]
[SourceVersion "1"]
[SourceVersionDate "2015.10.08"]
[SourceQuality "1"]
[WhiteTeam "Hamburg SF"]
[BlackTeam "Hamburger SK III"]
[WhiteTeamCountry "GER"]
[BlackTeamCountry "GER"]

1. e4 e6 2. d4 d5 3. Nc3 Nf6 4. Bg5 dxe4 5. Nxe4 Nbd7 6. Nf3 h6 7. Nxf6+ Nxf6 8. Bd2 c5 9. dxc5 Bxc5 10. Bd3 0-0 11. Qe2 Qd5 12. c4 Qh5 13. Bc3 Be7 14. 0-0-0 Bd7 15. Ne5 Qxe2 16. Bxe2 Ba4 17. b3 Bc6 18. Nxc6 bxc6 19. Bf3 Rfc8 20. Kb2 Kf8 21. Rd2 a5 22. a3 Ra7 23. Rhd1 g5 24. h3 Ke8 25. g3 Nd7 26. Ka2 Nc5 27. Bd4 Rd7 28. b4 axb4 29. axb4 Na6 30. b5 cxb5 31. cxb5 Nb4+ 32. Kb3 Nd5 33. Bb2 Rb8 34. Be2 Rdb7 35. Bc4 Nb6 36. Be2 Rc8 37. Ra1 Nd5 38. Rdd1 Bc5 39. Rac1 Rbb8 40. Be5 Ra8 41. Rxd5 exd5 42. Bg4 Ra3+ 43. Kb2 Ra5 44. Bxc8 Ba3+ 45. Kc2 Bxc1 46. Ba6 Ba3 47. Bc7 Bb4 48. Bxa5 Bxa5 49. g4 Ke7 50. Kd3 Bb6 51. f3 Kd6 1/2-1/2

[Event "Oberliga Nord N 1415"]
[Site "Germany"]
[Date "2015.02.01"]
[Round "6.2"]
[White "Lindinger, Markus"]
[Black "Schroeder, Christoph"]
[Result "1/2-1/2"]
[WhiteElo "2304"]
[BlackElo "2156"]
[PlyCount "78"]
[EventDate "2014.09.21"]
[EventType "team-tourn"]
[EventRounds "9"]
[EventCountry "GER"]
[SourceTitle "EXT 2016"]
[Source "ChessBase"]
[SourceDate "2015.10.08"]
[SourceVersion "1"]
[SourceVersionDate "2015.10.08"]
[SourceQuality "1"]
[WhiteTeam "Hamburger SK III"]
[BlackTeam "Eppendorf Johanneum"]
[WhiteTeamCountry "GER"]
[BlackTeamCountry "GER"]

1. d4 f5 2. g3 Nf6 3. Bg2 e6 4. c4 c6 5. Nf3 d5 6. Bf4 Be7 7. Nbd2 0-0 8. Qc2 Nh5 9. e3 g5 10. Bxb8 Rxb8 11. h3 Bd7 12. g4 Ng7 13. Ne5 Be8 14. 0-0-0 Bg6 15. Nxg6 hxg6 16. Nf3 Ne8 17. Ne5 Kg7 18. Kb1 Nd6 19. cxd5 exd5 20. Bf1 Bf6 21. Bd3 Qe7 22. gxf5 Bxe5 23. dxe5 Qxe5 24. Rhg1 Nxf5 25. Rxg5 Rf6 26. Rdg1 Kf7 27. Bxf5 Rxf5 28. Rxg6 Qe4 29. Rg7+ Ke6 30. R1g6+ Rf6 31. Qxe4+ dxe4 32. Kc2 Rxg6 33. Rxg6+ Kf5 34. Rg7 a5 35. Kd2 b5 36. Ke2 Rh8 37. Rc7 Rh6 38. Kf1 Rg6 39. Rf7+ Ke5 1/2-1/2

[Event "Oberliga Nord N 1314"]
[Site "Germany"]
[Date "2014.01.19"]
[Round "5.2"]
[White "Pedersen, Steffen"]
[Black "Lindinger, Markus"]
[Result "1-0"]
[WhiteElo "2425"]
[BlackElo "2309"]
[PlyCount "81"]
[EventDate "2013.10.13"]
[EventType "team-tourn"]
[EventRounds "9"]
[EventCountry "GER"]
[SourceTitle "EXT 2015"]
[Source "ChessBase"]
[SourceDate "2014.11.20"]
[SourceVersion "1"]
[SourceVersionDate "2014.11.20"]
[SourceQuality "1"]
[WhiteTeam "Preetz"]
[BlackTeam "Hamburger SK III"]
[WhiteTeamCountry "GER"]
[BlackTeamCountry "GER"]

1. d4 e6 2. Nf3 f5 3. c4 Nf6 4. Nc3 Bb4 5. Qb3 a5 6. g3 b6 7. Bg2 Bb7 8. 0-0 0-0 9. Bf4 Bxc3 10. Qxc3 Be4 11. Rad1 Nc6 12. Bh3 Ne7 13. d5 exd5 14. Nd2 c5 15. Nxe4 Nxe4 16. Qc2 d4 17. f3 Nf6 18. e3 d5 19. exd4 cxd4 20. Rxd4 Rc8 21. Bxf5 Nxf5 22. Qxf5 Rxc4 23. Rxc4 dxc4 24. Qe6+ Rf7 25. Qxc4 Qd5 26. Qxd5 Nxd5 27. Bd2 Nb4 28. Bxb4 axb4 29. b3 Rd7 30. Rf2 Rd3 31. Kg2 Kf7 32. Re2 Kf6 33. f4 Rc3 34. Kh3 g5 35. fxg5+ Kxg5 36. Re5+ Kf6 37. Rb5 Rc2 38. Rxb4 Rxa2 39. Rxb6+ Kg5 40. Rb5+ Kg6 41. b4 1-0

[Event "Oberliga Nord N 1314"]
[Site "Germany"]
[Date "2013.11.24"]
[Round "3.1"]
[White "Lindinger, Markus"]
[Black "Sawatzki, Frank"]
[Result "1/2-1/2"]
[WhiteElo "2309"]
[BlackElo "2332"]
[PlyCount "47"]
[EventDate "2013.10.13"]
[EventType "team-tourn"]
[EventRounds "9"]
[EventCountry "GER"]
[SourceTitle "EXT 2015"]
[Source "ChessBase"]
[SourceDate "2014.11.20"]
[SourceVersion "1"]
[SourceVersionDate "2014.11.20"]
[SourceQuality "1"]
[WhiteTeam "Hamburger SK III"]
[BlackTeam "Pinneberg"]
[WhiteTeamCountry "GER"]
[BlackTeamCountry "GER"]

1. d4 Nf6 2. c4 g6 3. Nc3 Bg7 4. e4 d6 5. Nf3 0-0 6. h3 e6 7. Bg5 h6 8. Be3 d5 9. e5 Ne4 10. Qc2 c5 11. Nxe4 dxe4 12. Qxe4 Nc6 13. dxc5 Qa5+ 14. Bd2 Qxc5 15. Bc3 Rd8 16. Be2 a5 17. 0-0 b6 18. Rfd1 Bb7 19. Rxd8+ Rxd8 20. Rd1 Nd4 21. Bxd4 Bxe4 22. Bxc5 Rxd1+ 23. Bxd1 Bxf3 24. gxf3 1/2-1/2

[Event "Oberliga Nord N 1213"]
[Site "Germany"]
[Date "2013.02.24"]
[Round "7.2"]
[White "Borbjerggaard, Lars"]
[Black "Lindinger, Markus"]
[Result "1/2-1/2"]
[WhiteElo "2315"]
[BlackElo "2295"]
[PlyCount "43"]
[EventDate "2012.10.14"]
[EventType "team-tourn"]
[EventRounds "9"]
[EventCountry "GER"]
[SourceTitle "EXT 2015"]
[Source "ChessBase"]
[SourceDate "2014.11.20"]
[SourceVersion "1"]
[SourceVersionDate "2014.11.20"]
[SourceQuality "1"]
[WhiteTeam "Preetz"]
[BlackTeam "Hamburger SK III"]
[WhiteTeamCountry "GER"]
[BlackTeamCountry "GER"]

1. d4 Nf6 2. Bg5 d5 3. Bxf6 exf6 4. e3 Be6 5. Ne2 Bd6 6. g3 c6 7. Nd2 Nd7 8. Bg2 0-0 9. 0-0 f5 10. b3 Nf6 11. c4 Ne4 12. Rc1 Qa5 13. Nb1 Qxa2 14. f3 Nf6 15. c5 Be7 16. Nbc3 Qa5 17. b4 Qc7 18. Nf4 Rfe8 19. Bh3 Bf8 20. Nd3 a6 21. Rc2 Rad8 22. Rg2 1/2-1/2

[Event "Bargteheide op"]
[Site "Bargteheide"]
[Date "2011.06.04"]
[Round "6"]
[White "Schmidt, Harald"]
[Black "Lindinger, Markus"]
[Result "0-1"]
[WhiteElo "2412"]
[BlackElo "2303"]
[PlyCount "86"]
[EventDate "2011.06.02"]
[EventType "swiss"]
[EventRounds "7"]
[EventCountry "GER"]
[SourceTitle "CBM 142 Extra"]
[Source "ChessBase"]
[SourceDate "2011.06.27"]
[SourceVersion "1"]
[SourceVersionDate "2011.06.27"]
[SourceQuality "1"]

1. e4 d6 2. d4 Nf6 3. Nc3 Nbd7 4. Bg5 e5 5. dxe5 dxe5 6. Bc4 c6 7. Nge2 b5 8. Bb3 h6 9. Bxf6 Qxf6 10. Ng3 g6 11. Qe2 a6 12. a4 Rb8 13. axb5 axb5 14. Nf1 Bc5 15. Nd1 Nf8 16. Nde3 h5 17. Nd2 Ne6 18. Bxe6 Qxe6 19. 0-0 0-0 20. Nb3 Bb6 21. Rfd1 Qe7 22. Rd3 Be6 23. Na5 Ra8 24. Rda3 Bd7 25. c3 Rfd8 26. b4 Be8 27. g3 Rac8 28. h4 Qc7 29. Nb3 Rd6 30. Nc5 Rcd8 31. R3a2 Bd7 32. c4 Rd4 33. Nb3 bxc4 34. Nxd4 Bxd4 35. Rc1 c3 36. Ra5 Qb6 37. Kg2 Qxb4 38. Ra6 Rb8 39. Qc4 Qb2 40. Re1 Be6 41. Qxc6 Qd2 42. Raa1 Rb2 43. Rf1 Qxe3 0-1

[Event "Hamburg St Pauli op-A"]
[Site "Hamburg"]
[Date "2010.07.16"]
[Round "7"]
[White "Hein, Ralf"]
[Black "Lindinger, Markus"]
[Result "0-1"]
[WhiteElo "2143"]
[BlackElo "2293"]
[PlyCount "200"]
[EventDate "2010.07.10"]
[EventType "swiss"]
[EventRounds "9"]
[EventCountry "GER"]
[SourceTitle "EXT 2013"]
[Source "ChessBase"]
[SourceDate "2012.11.22"]
[SourceVersion "1"]
[SourceVersionDate "2012.11.22"]
[SourceQuality "1"]

1. e4 d6 2. d4 Nf6 3. Bd3 e5 4. Nf3 exd4 5. Nxd4 g6 6. 0-0 Bg7 7. c4 0-0 8. Nc3 c6 9. h3 Re8 10. Be3 Nbd7 11. Nf3 a5 12. Qd2 Qe7 13. Rad1 Nc5 14. Bxc5 dxc5 15. Rfe1 Nd7 16. Ne2 a4 17. Nh2 Ne5 18. Nc3 Be6 19. b3 Red8 20. Qc2 axb3 21. axb3 Qc7 22. Bf1 g5 23. Ne2 Qa5 24. Ng3 Rd4 25. Nf5 Bxf5 26. exf5 Rad8 27. Rxd4 Rxd4 28. Re2 Qa1 29. f6 Bxf6 30. Qf5 Kg7 31. Qc8 Qa6 32. Qc7 Rd7 33. Qc8 Rd8 34. Qf5 Qa1 35. Re3 h6 36. Rg3 Ng6 37. Rd3 Nh4 38. Qe4 Rxd3 39. Qxd3 Bd4 40. Nf3 Nxf3+ 41. Qxf3 Kf8 42. g3 Qe1 43. Kg2 Qb4 44. Be2 f6 45. Qd3 Qe1 46. Qf3 Ke7 47. Bd3 Kd6 48. Qe2 Qc3 49. Qc2 Qb4 50. Be2 Kc7 51. Bd3 Kb6 52. Qa2 h5 53. Bf5 Qe1 54. Qc2 h4 55. gxh4 gxh4 56. Bg4 Kc7 57. Qf5 Kb8 58. Qc2 Qa1 59. Bd1 Ka7 60. Qe2 Qc1 61. Qg4 Qd2 62. Qe2 Qh6 63. Kf1 f5 64. Qf3 Qc1 65. Qe2 Kb6 66. Qc2 Qf4 67. Qe2 Ka5 68. Qe1+ Ka6 69. Qe2 Qc7 70. Qa2+ Kb6 71. Qc2 Qf4 72. Qe2 Be5 73. Bc2 Qc1+ 74. Qd1 Qxd1+ 75. Bxd1 Ka5 76. Ke2 Kb4 77. Kd3 b5 78. f3 Bd4 79. Bc2 Ka3 80. Bd1 Kb2 81. b4 f4 82. cxb5 cxb5 83. bxc5 Bxc5 84. Ke4 Be3 85. Kd5 Kc3 86. Ke5 b4 87. Ba4 b3 88. Bc6 b2 89. Be4 Kd2 90. Kf5 Kc1 91. Kg4 b1Q 92. Bxb1 Kxb1 93. Kxh4 Kc2 94. Kg4 Kd3 95. h4 Bc1 96. Kf5 Ke3 97. Kg4 Bb2 98. h5 Ba1 99. h6 Bb2 100. h7 Ba1 0-1

[Event "GER CupT"]
[Site "Halle"]
[Date "2010.05.14"]
[Round "1"]
[White "Lindinger, Markus"]
[Black "Van Wely, Loek"]
[Result "0-1"]
[WhiteElo "2293"]
[BlackElo "2653"]
[PlyCount "102"]
[EventDate "2010.05.14"]
[EventType "team-k.o."]
[EventRounds "2"]
[EventCountry "GER"]
[SourceTitle "CBM 136 Extra"]
[Source "ChessBase"]
[SourceDate "2010.07.02"]
[SourceVersion "2"]
[SourceVersionDate "2010.07.15"]
[SourceQuality "1"]

1. e4 c5 2. Nc3 d6 3. Nf3 a6 4. d4 cxd4 5. Nxd4 Nf6 6. Bc4 e6 7. Bb3 Nbd7 8. Bg5 Nc5 9. f4 b5 10. Qf3 Bb7 11. 0-0-0 Be7 12. Rhe1 0-0 13. a3 Rc8 14. Kb1 Nxb3 15. cxb3 b4 16. axb4 Qb6 17. Nc2 h6 18. Bxf6 Bxf6 19. Qd3 Rfd8 20. Re2 Bc6 21. Qe3 Qb7 22. g4 a5 23. h4 axb4 24. Na2 e5 25. g5 exf4 26. Qxf4 Be5 27. Qe3 h5 28. Naxb4 Bd7 29. Rf2 Rb8 30. Rd5 Be6 31. Ra5 Rd7 32. Ra4 Rc7 33. Rd2 Rc5 34. Ra3 Rb5 35. Ra7 Qc8 36. Ra4 R8b6 37. Rd3 Qb7 38. Qe1 g6 39. Ka2 Bg7 40. Kb1 Kh7 41. Ka2 Rc5 42. Ra3 Bh8 43. Re3 Be5 44. Rd3 Rcb5 45. Ra4 Bg7 46. Re3 Qc7 47. Na3 Re5 48. Nbc2 d5 49. Nd4 Bd7 50. Ra5 Rxe4 51. Rxe4 dxe4 0-1

[Event "Oberliga Nord N 0910"]
[Site "Germany"]
[Date "2010.04.11"]
[Round "9.1"]
[White "Lindinger, Markus"]
[Black "Hermesmann, Hans"]
[Result "1-0"]
[WhiteElo "2283"]
[BlackElo "2342"]
[PlyCount "73"]
[EventDate "2009.10.18"]
[EventType "team-tourn"]
[EventRounds "9"]
[EventCountry "GER"]
[SourceTitle "EXT 2011"]
[Source "ChessBase"]
[SourceDate "2010.11.26"]
[SourceVersion "1"]
[SourceVersionDate "2010.11.26"]
[SourceQuality "1"]
[WhiteTeam "Hamburger SK"]
[BlackTeam "Pinneberg"]
[WhiteTeamCountry "GER"]
[BlackTeamCountry "GER"]

1. e4 g6 2. Nc3 Bg7 3. g3 c5 4. Bg2 Nc6 5. Nf3 d6 6. d3 e5 7. Bg5 f6 8. Be3 Be6 9. 0-0 Nge7 10. a3 Qd7 11. b4 Nd4 12. Nd2 0-0 13. Nd5 Nxd5 14. exd5 Bh3 15. Bxh3 Qxh3 16. bxc5 dxc5 17. c3 Nf5 18. Bxc5 Rfc8 19. Ne4 b6 20. Be3 Nxe3 21. fxe3 f5 22. Nf2 Qh6 23. Qd2 e4 24. Rac1 Rc5 25. dxe4 Rd8 26. c4 b5 27. cxb5 Rxb5 28. d6 g5 29. Qd3 Ra5 30. Qb3+ Kh8 31. Rfd1 fxe4 32. d7 Rf5 33. Rc8 Rff8 34. Rxd8 Rxd8 35. Nxe4 Bf6 36. Qf7 Rf8 37. Qxf6+ 1-0

[Event "Oberliga Nord N 0910"]
[Site "Germany"]
[Date "2009.12.13"]
[Round "4.1"]
[White "Salov, Sergej"]
[Black "Lindinger, Markus"]
[Result "1/2-1/2"]
[WhiteElo "2074"]
[BlackElo "2283"]
[PlyCount "20"]
[EventDate "2009.10.18"]
[EventType "team-tourn"]
[EventRounds "9"]
[EventCountry "GER"]
[SourceTitle "EXT 2011"]
[Source "ChessBase"]
[SourceDate "2010.11.26"]
[SourceVersion "1"]
[SourceVersionDate "2010.11.26"]
[SourceQuality "1"]
[WhiteTeam "Luebeck"]
[BlackTeam "Hamburger SK"]
[WhiteTeamCountry "GER"]
[BlackTeamCountry "GER"]

1. e4 e6 2. d4 d5 3. Nd2 dxe4 4. Nxe4 Nd7 5. Nf3 Ngf6 6. Nxf6+ Nxf6 7. Bc4 a6 8. 0-0 c5 9. c3 Qc7 10. Qe2 Bd6 1/2-1/2

[Event "Oberliga Nord N 0910"]
[Site "Germany"]
[Date "2009.11.29"]
[Round "3.2"]
[White "Hagenstein, Frank"]
[Black "Lindinger, Markus"]
[Result "1/2-1/2"]
[WhiteElo "2201"]
[BlackElo "2283"]
[PlyCount "93"]
[EventDate "2009.10.18"]
[EventType "team-tourn"]
[EventRounds "9"]
[EventCountry "GER"]
[SourceTitle "EXT 2011"]
[Source "ChessBase"]
[SourceDate "2010.11.26"]
[SourceVersion "1"]
[SourceVersionDate "2010.11.26"]
[SourceQuality "1"]
[WhiteTeam "Neumuenster"]
[BlackTeam "Hamburger SK"]
[WhiteTeamCountry "GER"]
[BlackTeamCountry "GER"]

1. e4 c5 2. Nf3 d6 3. g3 Nc6 4. Bg2 e5 5. c3 Nf6 6. d3 Be7 7. Nbd2 0-0 8. 0-0 Re8 9. Re1 Bf8 10. a4 h6 11. Nc4 Be6 12. Qc2 Qc7 13. Nfd2 Rad8 14. Ne3 d5 15. c4 dxe4 16. dxe4 Nd4 17. Qd1 Bc8 18. Nd5 Nxd5 19. exd5 Qa5 20. Nf1 Bf5 21. Ne3 Bd3 22. Bd2 Qa6 23. Bf1 e4 24. Bxd3 Nf3+ 25. Kg2 Nxe1+ 26. Bxe1 exd3 27. Qxd3 Be7 28. Bc3 Bf6 29. Bxf6 Qxf6 30. Rb1 Qe7 31. Rd1 Qe4+ 32. Qxe4 Rxe4 33. Kf3 Re5 34. h4 h5 35. Rd3 Rd6 36. Rb3 Rf6+ 37. Ke2 Rb6 38. Rxb6 axb6 39. Kd3 g6 40. Kc3 Kf8 41. b4 Ke7 42. a5 cxb4+ 43. Kxb4 bxa5+ 44. Kxa5 Kd7 45. Kb6 Kc8 46. c5 f6 47. d6 1/2-1/2

[Event "Kiel op 22nd"]
[Site "Kiel"]
[Date "2009.08.04"]
[Round "5"]
[White "Hanhoerster, Stephan"]
[Black "Lindinger, Markus"]
[Result "1-0"]
[WhiteElo "2017"]
[BlackElo "2301"]
[PlyCount "70"]
[EventDate "2009.08.01"]
[EventType "swiss"]
[EventRounds "7"]
[EventCountry "GER"]
[SourceTitle "EXT 2010"]
[Source "ChessBase"]
[SourceDate "2010.11.25"]
[SourceVersion "1"]
[SourceVersionDate "2010.11.25"]
[SourceQuality "1"]

1. e4 d6 2. d4 Nf6 3. Nc3 Nbd7 4. g4 h6 5. h3 e5 6. Nge2 b5 7. a3 c6 8. Bg2 Bb7 9. 0-0 a5 10. Ng3 g6 11. Be3 Bg7 12. Qd2 h5 13. g5 Nh7 14. d5 Nb6 15. b3 h4 16. dxc6 Bxc6 17. Nge2 0-0 18. Rfd1 Nc8 19. a4 bxa4 20. Nxa4 f5 21. gxf6 Bxf6 22. Qc3 Bb5 23. Qd2 Kh8 24. c4 Bd7 25. Nc5 Bxh3 26. Bxh3 dxc5 27. Bxc5 Ng5 28. Qe3 Qe8 29. Bxf8 Qxf8 30. Rd7 Be7 31. Rad1 Nb6 32. Rb7 Ra6 33. c5 Nc8 34. Rdd7 Bxc5 35. Qxc5 Nxh3+ 1-0